00577 2200193 4500001002100000005001700021008004100038035002400079040001200103082001600115084001400131090001600145245008900161260006700250300001100317650002500328850001200353990001800365INLIS00000000002752420170516103418.0  0010-051700000000234 aYOPDYOG a630.7b[23] a630.7 Kum aL 630.7 Kum aKumpulan Laporan Tugas Lapang Peserta Penataran Penyuluhan Pertanian Spesialis (PPS) aYogyakartabDep. Ekonomi Pertanian, Fakultas Ekonomi UGMc1977 c32 cm. aPenyuluhan Pertanian aYOPDYOG a54301-PD/A.17